| 000 | 01454cam a2200349 i 4500 | ||
|---|---|---|---|
| 003 | SA-RiAUC | ||
| 005 | 20250518085544.0 | ||
| 008 | 241006s1998 su g 000r0 ara c | ||
| 020 | _a9960352897 (مجموعة) | ||
| 020 | _a9960352900 (ج. 3) | ||
| 024 | 0 | _a19/2545 | |
| 024 | 0 | _a33000000004696 | |
| 024 | 0 | _a33000000004697 | |
| 040 |
_aSA-JeALM _bara _cSA-RiAUC _erda |
||
| 050 | 4 | _b.Q86 1998 | |
| 072 | 7 | _a019 | |
| 082 | 0 | 4 |
_a210.2 _qSA-RiAUC |
| 090 |
_a210.2 _bغ ا م |
||
| 100 |
_aالغامدي، عبد الله يحيى علي، _d1350 _eجمع وإعداد |
||
| 245 | 0 | 0 |
_aقطوف مختارة من الأحاديث، المواعظ، الحكم والأدعية المأثورة / _cجمع وإعداد عبد الله بن يحيى آل يحيى الغامدي. |
| 250 | _aالطبعة الثانية. | ||
| 264 | 1 |
_aمكة المكرمة : _bعبد الله يحيى علي الغامدي، _c1998 |
|
| 300 |
_a2 مجلد (340 ؛ 312 صفحة ) ؛ _c25 سم |
||
| 336 |
_aنص _btxt _2rdacontent _3كتاب |
||
| 337 |
_aبدون وسيط _bn _2rdamedia |
||
| 338 |
_aمجلد _bnc _2rdacarrier |
||
| 500 | _aإهداء من المؤلف محمد رشيد فارس بتاريخ 1418/10/28 هـ | ||
| 650 | 7 |
_aالإسلام _vمتفرقات _2aucsh |
|
| 700 | 1 |
_aالغامدي، عبد الله يحيى علي، _d1350 هجري- _eجامع. |
|
| 942 |
_2ddc _cBOOK _n0 |
||
| 949 |
_aSA-JeALM _d241006 _umohamedma123 _n1 |
||
| 999 |
_c1063 _d1063 |
||